00775nam a2200241Ia 4500003000400000005001700004008004100021040000700062041000800069082001900077100004500096245003000141260005400171300001000225365001300235440000900248650003700257650003000294906003000324942001200354999001900366952014800385OSt20230522155537.0210423s2002 xx 000 0 und d cAL aeng a323 223bIIHR aINDIAN INSTITUTE OF HUMAN RIGHTS9110713 aHuman rights and religion aNew DelhibIndian Institute of Human Rightsc2002 a1,100 b250cINR v4C.3 aCivil & Political Rights9110714 aPolitical Science9110715 aHuman ; religion ; rights 2ddccBK c172760d172760 001040708MSWaSACPGbSACPGd2002-04-11eIndian Institute of Human Rightsg250.00l0o323 IIHRpPG019315r2022-08-24 00:00:00w2021-04-26yBK